| Tag |
First Indicator |
Second Indicator |
Subfields |
| LEADER |
00000cam a2200000Ma 4500 |
| 001 |
in00004041813 |
| 006 |
m o d |
| 007 |
cr |n||||||||| |
| 008 |
170818s2017 nbu o 000 0 eng d |
| 005 |
20221130134248.9 |
| 020 |
|
|
|a 1496202376
|q (ebk)
|
| 020 |
|
|
|a 9781496202376
|
| 020 |
|
|
|a 9781496202352
|
| 020 |
|
|
|a 149620235X
|
| 020 |
|
|
|z 9780803285897
|
| 020 |
|
|
|z 0803285892
|
| 024 |
8 |
|
|a 99980073461
|
| 035 |
|
|
|a (NhCcYBP)ebc4921961
|
| 035 |
|
|
|a in00004041813
|
| 037 |
|
|
|a 1022831
|b MIL
|
| 040 |
|
|
|a NhCcYBP
|c NhCcYBP
|d UtOrBLW
|
| 043 |
|
|
|a n-us-hi
|
| 050 |
|
4 |
|a DU624.7.W45
|b S34 2017
|
| 072 |
|
7 |
|a HIS
|x 053000
|2 bisacsh
|
| 072 |
|
7 |
|a HIS036040
|2 bisacsh
|
| 072 |
|
7 |
|a HIS036140
|2 bisacsh
|
| 072 |
|
7 |
|a POL047000
|2 bisacsh
|
| 082 |
0 |
4 |
|a 996.9/027
|2 23
|
| 100 |
1 |
|
|a Schulz, Joy.
|
| 245 |
1 |
0 |
|a Hawaiian by Birth.
|n Colonialism in the Pacific,
|p Bicultural Identity, and U.S. Colonialism in the Pacific :
|b Missionary Children, Bicultural Identity, and U.S. Colonialism in the Pacific.
|
| 264 |
|
1 |
|a Lincoln, UNITED STATES :
|b University of Nebraska Press,
|c 2017.
|
| 300 |
|
|
|a 1 online resource.
|
| 336 |
|
|
|a text
|b txt
|2 rdacontent
|
| 337 |
|
|
|a computer
|b c
|2 rdamedia
|
| 338 |
|
|
|a online resource
|b cr
|2 rdacarrier
|
| 490 |
1 |
|
|a Studies in Pacific worlds
|
| 588 |
0 |
|
|a Print version record.
|
| 500 |
|
|
|a Electronic resource.
|
| 650 |
|
0 |
|a Children of missionaries
|z Hawaii
|x History.
|
| 651 |
|
0 |
|a Hawaii
|x History
|y To 1893.
|0 http://id.loc.gov/authorities/subjects/sh85059350
|
| 648 |
|
7 |
|a To 1893
|2 fast
|
| 655 |
|
7 |
|a Electronic books.
|2 local
|
| 710 |
2 |
|
|a ProQuest (Firm)
|0 http://id.loc.gov/authorities/names/n2007068018
|
| 776 |
1 |
8 |
|i Print version:
|z 9780803285897
|z 0803285892
|
| 830 |
|
0 |
|a Studies in Pacific worlds.
|0 http://id.loc.gov/authorities/names/no2017151767
|
| 856 |
4 |
0 |
|u https://ebookcentral.proquest.com/lib/tamucs/detail.action?docID=4921961
|z Connect to the full text of this electronic book
|t 0
|
| 955 |
|
|
|a YBP purchased DDA e-records
|
| 980 |
|
|
|b 75.00
|g 1
|
| 987 |
|
|
|a ybp14643307
|
| 999 |
f |
f |
|s 13178aba-6883-4d51-a8ef-b819fc608806
|i a71a2ef9-60af-3b43-83e7-a959744207fc
|t 0
|
| 952 |
f |
f |
|a Texas A&M University
|b College Station
|c Electronic Resources
|d Available Online
|t 0
|e DU624.7.W45 S34 2017
|h Library of Congress classification
|
| 998 |
f |
f |
|a DU624.7.W45 S34 2017
|t 0
|l Available Online
|